ՀՀ Գիտությունների ազգային ակադեմիայի հիմնարար գիտական գրադարան  =   Fundamental Scientific Library of NAS RA

«Ափինյանական ընթերցումներ․Ավանդական երաժշտության արդի հիմնախնդիրները» : (Record no. 531349)

MARC details
000 -LEADER
fixed length control field 02714nam a2200277 a 4500
001 - CONTROL NUMBER
control field 1930729
003 - CONTROL NUMBER IDENTIFIER
control field AM-YEHGA
005 - DATE AND TIME OF LATEST TRANSACTION
control field 20250618080150.0
008 - FIXED-LENGTH DATA ELEMENTS--GENERAL INFORMATION
fixed length control field 231116s2023 ai a||||||||||||||0|arm|d
022 ## - INTERNATIONAL STANDARD SERIAL NUMBER
International Standard Serial Number 9789939117546
040 ## - CATALOGING SOURCE
Original cataloging agency AM-YeHGA
041 0# - LANGUAGE CODE
Language code of text/sound track or separate title arm
-- rus
-- eng
090 ## - LOCALLY ASSIGNED LC-TYPE CALL NUMBER (OCLC); LOCAL CALL NUMBER (RLIN)
-- 570109
245 01 - TITLE STATEMENT
Title «Ափինյանական ընթերցումներ․Ավանդական երաժշտության արդի հիմնախնդիրները» :
Remainder of title Միջազգային գիտաժողով՝ նվիրված Երևանի Կոմիտասի անվան պետական կոնսերվատորիայի Գյումրու մասնաճյուղի հիմնադրման 25-ամյակին ։ 12-13 նոյեմբերի 2022, Գյումրի ։ Հոդվածների ժողովածու = ''Апиняновские чтения : Актуальные проблемы традиционной музыки'' = ''Apinian readings: Modern fundamentals of traditional music'' /
Statement of responsibility, etc. ՀՀ ԳԱԱ, Շիրակի հայագիտական հետազոտությունների կենտրոն ; Գլխավոր խմբ.՝ Ս. Հայրապետյան.
246 15 - VARYING FORM OF TITLE
Title proper/short title ''Апиняновские чтения : Актуальные проблемы традиционной музыки'' :
Remainder of title Международная научная конференция посвященная 25-летию Гюмрийского филиала Ереванской государственной консерватории имени Комитаса : 12-13 ноября, 2022 : Гюмри
246 15 - VARYING FORM OF TITLE
Title proper/short title ''Apinian readings: Modern fundamentals of traditional music'' :
Remainder of title International conference Dedicated to the 25th anniversary of Yerevan Komitas State Conservatory : November 12-13, 2022, Gyumri /
260 ## - PUBLICATION, DISTRIBUTION, ETC.
Place of publication, distribution, etc. Գյումրի :
-- Երևան :
Name of publisher, distributor, etc. Գիտություն,
Date of publication, distribution, etc. 2023.
Manufacturer Եգեա
300 ## - PHYSICAL DESCRIPTION
Extent 280 էջ :
Other physical details նոտա ;
Dimensions 21 սմ.
504 ## - BIBLIOGRAPHY, ETC. NOTE
Bibliography, etc. note Մատենագիտությունը՝ յուրաքանչյուր հոդվածից հետո։
546 ## - LANGUAGE NOTE
Language note Բնագիրը՝ հայերեն, կան նաև անգլերեն և ռուսերեն լեզվով հոդվածներ:
650 10 - SUBJECT ADDED ENTRY--TOPICAL TERM
Topical term or geographic name entry element Երաժշտություն
General subdivision Գիտաժողովներ
Form subdivision Հոդվածների ժողովածուներ
700 1# - ADDED ENTRY--PERSONAL NAME
Personal name Հայրապետյան, Սերգո
Relator term խմբագիր
Relationship edt
9 (RLIN) 6894
710 2# - ADDED ENTRY--CORPORATE NAME
Corporate name or jurisdiction name as entry element ՀՀ գիտությունների ազգային ակադեմիա :
Subordinate unit Շիրակի հայագիտական հետազոտությունների կենտրոն
711 2# - ADDED ENTRY--MEETING NAME
Meeting name or jurisdiction name as entry element «Ափինյանական ընթերցումներ․ Ավանդական երաժշտության արդի հիմնախնդիրները»
Date of meeting or treaty signing (12-13 նոյեմբերի 2022,
Location of meeting Գյումրի)
942 ## - ADDED ENTRY ELEMENTS (KOHA)
Source of classification or shelving scheme Universal Decimal Classification
Koha item type Գրքեր / Books
Holdings
Withdrawn status Lost status Source of classification or shelving scheme Damaged status Not for loan Collection Home library Current library Date acquired Total checkouts Full call number Barcode Date last seen Price effective from Koha item type Public note
    Universal Decimal Classification     General Fundamental Scientific Library Fundamental Scientific Library 13/09/2024   AII/112243 FL0685857 13/09/2024 13/09/2024 Գրքեր / Books 30 Days Loan
    Universal Decimal Classification     General Fundamental Scientific Library Fundamental Scientific Library 13/09/2024   AII/112242 FL0685855 13/09/2024 13/09/2024 Գրքեր / Books 30 Days Loan


ՀՀ ԳԱԱ հիմնարար գիտական գրադարան
ՀՀ,Երևան 0019
Մարշալ Բաղրամյան 24/6
հեռախոս:(374-10) 52-47-50
Հետադարձ կապ

All site content, except where otherwise noted, is licensed under a
Creative Commons License